Obfuscations of Marvel Characters - Statistics

General Stats
  • This quiz has been taken 318 times
  • The average score is 6 of 8
Answer Stats
Hint Answer % Correct
Homo sapiens of the twenty-sixth element Iron Man
97%
Arachnoid fusion with a member of the homo genus Spiderman
95%
Army rank of a country that gained independence in 1776 Captain America
91%
Literally just Ultron Ultron
91%
Magical adult female symbolized by a hue of red Scarlet Witch
89%
Metal creation of the industrial revolution mainly used for domestic conflicts War Machine
42%
Name derived from the Greek god of death who lived in the underworld not named for it Thanos
39%
Along with a skull, the face of the Jolly Roger Crossbones
35%
No matching quizzes found
Score Distribution
Percent of People with Each Score
Percentile by Number Answered
Your Score History
You have not taken this quiz